The complete idiot's guide to psychology / (Record no. 544)

MARC details
000 -LEADER
fixed length control field 00871cam a2200277 a 4500
005 - DATE AND TIME OF LATEST TRANSACTION
control field 20260322212024.0
008 - FIXED-LENGTH DATA ELEMENTS--GENERAL INFORMATION
fixed length control field data
010 ## - LIBRARY OF CONGRESS CONTROL NUMBER
LC control number 2005910784
020 ## - INTERNATIONAL STANDARD BOOK NUMBER
International Standard Book Number 1592575005 (pbk.)
020 ## - INTERNATIONAL STANDARD BOOK NUMBER
International Standard Book Number 9781592575008 (pbk.)
040 ## - CATALOGING SOURCE
Original cataloging agency DLC
Transcribing agency DLC
Modifying agency DLC
050 00 - LIBRARY OF CONGRESS CALL NUMBER
Classification number BF121
Item number .J64 2006
082 00 - DEWEY DECIMAL CLASSIFICATION NUMBER
Classification number 150
Edition information 22
092 ## - LOCALLY ASSIGNED DEWEY CALL NUMBER (OCLC)
Classification number 150 J64 2006
001 - CONTROL NUMBER
control field data
100 1# - MAIN ENTRY--PERSONAL NAME
Personal name Johnston, Joni E.,
Dates associated with a name 1960-
245 14 - TITLE STATEMENT
Title The complete idiot's guide to psychology /
Statement of responsibility, etc. Joni E. Johnston.
246 30 - VARYING FORM OF TITLE
Title proper/short title Psychology
250 ## - EDITION STATEMENT
Edition statement 3rd ed.
260 ## - PUBLICATION, DISTRIBUTION, ETC.
Place of publication, distribution, etc. New York, N.Y. :
Name of publisher, distributor, etc. Alpha,
Date of publication, distribution, etc. c2006.
300 ## - PHYSICAL DESCRIPTION
Extent xxvii, 434 p. ;
Dimensions 24 cm.
500 ## - GENERAL NOTE
General note Includes index.
650 #0 - SUBJECT ADDED ENTRY--TOPICAL TERM
Topical term or geographic name entry element Psychology.
856 42 - ELECTRONIC LOCATION AND ACCESS
Materials specified Contributor biographical information
Uniform Resource Identifier <a href="http://www.loc.gov/catdir/enhancements/fy0721/2005910784-b.html">http://www.loc.gov/catdir/enhancements/fy0721/2005910784-b.html</a>
856 42 - ELECTRONIC LOCATION AND ACCESS
Materials specified Publisher description
Uniform Resource Identifier <a href="http://www.loc.gov/catdir/enhancements/fy0721/2005910784-d.html">http://www.loc.gov/catdir/enhancements/fy0721/2005910784-d.html</a>
Holdings
Withdrawn status Lost status Damaged status Not for loan Home library Current library Shelving location Date acquired Total checkouts Full call number Barcode Date last seen Price effective from Koha item type
        Centerville Centerville General stacks 22/03/2026   150 22 BC0010557 22/03/2026 22/03/2026 Books